Gulshan-E-Musawwari, Seven Illustrated Manuscripts from the Salar Jung Muse (Record no. 16751)

MARC details
000 -LEADER
fixed length control field 00637nam a2200241 a 4500
020 ## - INTERNATIONAL STANDARD BOOK NUMBER
ISBN
082 00 - DEWEY DECIMAL CLASSIFICATION NUMBER
Classification number 750.11954025
Author Cutter KHA
100 ## - MAIN ENTRY--AUTHOR NAME
Author name Khandalavala, Karl
245 ## - TITLE STATEMENT
Title Gulshan-E-Musawwari, Seven Illustrated Manuscripts from the Salar Jung Muse
260 ## - PUBLICATION, DISTRIBUTION, ETC. (IMPRINT)
Place of publication Hyderabad
Name of publisher Salar Jung Museum
Year of publication 1986
300 ## - PHYSICAL DESCRIPTION
Number of Pages 59p
500 ## - GENERAL NOTE
General note includes index and biblioraphy
505 2# - FORMATTED CONTENTS NOTE
Formatted contents note Plates
650 ## - SUBJECT ADDED ENTRY--TOPICAL TERM
Topical Term Painting-India
942 ## - ADDED ENTRY ELEMENTS (KOHA)
Koha item type Books
700 1# -
-- Khandalavala, Karl
Holdings
Collection code Home library Current library Date acquired Cost, normal purchase price Full call number Accession Number Koha item type
  Henry Martyn Institute Library Henry Martyn Institute Library 06/15/2007 225.00 750.11954025 KHA 020717 Books
                   Copyright © 2026 | Henry Martyn Institute | Hyderabad | TS-500052 | INDIA | Implemented by hmi.edu.in
Hit-Count:

Powered by Koha